000 02625cam a22003614a 4500
001 7355551
003 ARRUPE
005 20150904103658.0
008 090413s2009 mdu b 001 0 eng
010 _a 2009015270
020 _a9780739124727 (cloth : alk. paper)
020 _a0739124722 (cloth : alk. paper)
020 _a9780739140093 (electronic)
020 _a0739140094 (electronic)
024 _a99934641692
035 _a(OCoLC)318716141
035 _a(OCoLC)ocn318716141
035 _a(NNC)7355551
040 _aDLC
_cDLC
_dYDX
_dBTCTA
_dYDXCP
_dBWX
_dOrLoB-B
050 0 0 _aBT738.15
_b.C4753 2009
082 0 0 _a261.7
_222
082 4 _a233.11
245 0 0 _aChristianity and human rights :
_bChristians and the struggle for global justice /
_cedited by Frederick M. Shepherd.
260 _aLanham, Md. :
_bLexington Books,
_cc2009.
300 _axxiii, 270 p. ;
_c24 cm.
504 _aIncludes bibliographical references and index.
505 0 0 _gIntroduction.
_tThe political and theological evolution of Christianity and human rights /
_rFrederick M. Shepherd --
_g1.
_tDeliver us from evil : genocide and the Christian world /
_rJames E. Waller --
_g2.
_tA Dickensian era of religious rights /
_rJohn Witte, Jr. --
_g3.
_tReligious freedom : a challenge for the church /
_rJohannes A. van der Ven --
_g4.
_tThe enduring alliance of religious freedom and democracy /
_rJoseph Loconte --
_g5.
_tReligious freedom and international law /
_rRobert F. Drinan --
_g6.
_tDemocracy and human dignity /
_rJean Bethke Elshtain --
_g7.
_tUniversal rights or personal relations? /
_rPatrick H. Byrne --
_g8.
_tHuman rights, the common good, and our supernatural destiny /
_rDana L. Dillon --
_g9.
_tBozena Komarkova : toward an existential Christian philosophy of human rights /
_rJoyce J. Michael --
_g10.
_tCatholic social teaching, economic rights, and globalization /
_rJohn Sniegocki --
_g11.
_tRights, capabilities, and human flourishing /
_rJonathan Warner --
_g12.
_tThe rights of the poor : Christian theology and human rights practices in Latin America's Andean region /
_rThomas Bamat --
_g13.
_tChristianity and human rights in Vietnam : the case of the ethnic minorities, 1975-2007 /
_rJames F. Lewis --
_g14.
_tFrom human rights to human wrongs : the dramatic turn-about of the South African Pentecostal movement /
_rNico Horn --
_tConcluding remarks on Christianity and human rights /
_rFrederick M. Shepherd.
650 0 _aHuman rights
_xReligious aspects
_xChristianity.
_919273
700 1 _aShepherd, Frederick M.,
_d1963-
_919274
900 _bTOC
942 _2lcc
_cMONOGRAPH
948 1 _a20090918
_bc
_csl13
_dMPS
999 _c123219
_d123219